000
00309nam a2200121Ia 4500
003
GCL
008
140319s9999 xx 000 0 eng d
040
_a
GCL /
_c
GCL
082
0
4
_a
031
_b
C C
245
1
0
_a
THE CAMBRIDGE ENCYCLOPEDIA
260
_a
[S.N] :
_b
Macmillan Publishing Company ،
_c
1991
300
_a
1500 PP
999
_c
17477
_d
17477